000 00441nam a2200181Ia 4500
001 7522
005 20260306160501.0
008 260306t2010||||xx |||||||||||||| ||spa||
041 _aESP
082 _a339
_bS19
100 _aSamuelson, Paul A.
_eAUT
245 0 _aMacroeconomía:
_bcon aplicaciones a latinoamérica
260 _c2010
300 _a419 páginas :
_c27 cm.
650 _aGEN
654 _aCAN
942 _cLIB
_dJUS
_fJUS
_2ddc
_n
999 _c7522
_d7522